| 000 | 00650nam a2200193Ia 4500 | ||
|---|---|---|---|
| 003 | GCL | ||
| 008 | 140319s9999 xx 000 0 ara d | ||
| 040 |
_aGCL / _cGCL |
||
| 082 | 0 | 4 |
_a614.8312 _bا ق |
| 100 | 1 | _aابراهيم الرواشدة | |
| 245 | 1 | 0 |
_aقواعد السلامة للعمل فى المختبرات الكيمياوية / _cابراهيم الرواشدة |
| 300 | _a193 ص | ||
| 490 |
_aالهيئة العامة للاستعلامات _v0 |
||
| 650 | 0 | 4 | _aالصحة العامة |
| 650 | 0 | 4 | _aالصحة الوقائية |
| 650 | 0 | 4 | _aالمختبرات |
| 650 | 0 | 4 | _aالكيمياء - مختبرات |
| 942 |
_2ddc _cBK |
||
| 999 |
_c49044 _d49044 |
||